| 000 | 00000nam 2200000zi 4500 |
| 001 | 9.932511 |
| 003 | CaOODSP |
| 005 | 20250107144059 |
| 006 | m o d f |
| 007 | cr |n||||||||| |
| 008 | 240116s2016 onca obs f000 0 eng d |
| 040 | |aCaOODSP|beng|erda|cCaOODSP |
| 043 | |an-cn--- |
| 086 | 1 |aIu86-82/1-2016E-PDF |
| 245 | 00|a2016 year in review. |
| 264 | 1|a[Ottawa] : |bDestination Canada, |c[2016] |
| 300 | |a1 online resource (1 page) : |billustrations |
| 336 | |atext|btxt|2rdacontent |
| 337 | |acomputer|bc|2rdamedia |
| 338 | |aonline resource|bcr|2rdacarrier |
| 500 | |aIssued also in French under title: 2016 : l’année en chiffre. |
| 504 | |aIncludes bibliographical references. |
| 650 | 0|aTourism|zCanada|vStatistics. |
| 650 | 0|aTravelers|zCanada|vStatistics. |
| 655 | 7|aStatistics|2lcgft |
| 710 | 2 |aDestination Canada, |eissuing body. |
| 775 | 08|t2016 : |w(CaOODSP)9.933992 |
| 856 | 40|qPDF|s1.59 MB|uhttps://publications.gc.ca/collections/collection_2024/dc/Iu86-82-1-2016-eng.pdf |